| 000 | 00638nmc a2200241 a 4500 | ||
|---|---|---|---|
| 003 | AR-BaBNM | ||
| 005 | 20251128211321.0 | ||
| 008 | 054020s1980 ||||||||||||||000 | spa|| | ||
| 040 | _cAR-BaBNM | ||
| 100 | 1 | _aLe Carré, John | |
| 245 | 1 | 0 | _aEl honorable colegial |
| 260 |
_aBuenos Aires _bEmecé Editores _c1980 |
||
| 300 | 0 | _a500 p. | |
| 490 | 0 | _aGrandes novelistas. La novela actual en el mundo | |
| 650 | 4 | _aLITERATURA INGLESA | |
| 650 | 4 | _aLITERATURA CONTEMPORANEA | |
| 653 | _aNOVELA POLICIAL | ||
| 653 | 0 | _aNOVELA DE ESPIONAJE | |
| 655 | _aLITERATURA | ||
| 700 | 0 |
_aM.C. _etraductor |
|
| 942 | _cBK | ||
| 998 | _cmartin | ||
| 999 |
_c19129 _d19129 |
||